1413 1298 1637 1904 1895 1470 1972 1158 1042 1618 1279 1389 1148 1396 1987 1325 1970 1313 1591 1074 1614 1595 1567 1734 1099 1923 1833 1329 1923 1497 1361 1308 1445 1938 1839 1521 1557 1038 1870 1734 1124 1346 1968 1938 1401 1800 1256 1093 1730 1737 1043 1021 1373 1725 1834 1211 1114 1915 1234 1972 1286 1398 1880 1244 1522 1179 1238 1165 1261 1854 1348 1052 1623 1545 1819 1493 1288 1649 1382 1779 1874 1470 1158 1723 1525 1515 1642 1337 1535 1122 1399 1460 1507 1856 1001 1794 1592 1987 1899 BCNSPRNW ULIB Ver.6.0+V

เปลี่ยนเป็นภาษาไทย

Change to English
 แสดงรายละเอียดบรรณานุกรม
  กลับหน้าหลัก

Brief Record : Get Marc (ISO 2709) : E-mail record : QR code < ปิดหน้าต่าง
LEADER : 00000nam 2200000uu 4500
001    13399108462
003     ULIB
008    110303s2004||||th 000 0 eng d
020    0805341501
060     WY150^bM489M 2004
100 0  LeMone, Priscilla
245 00 Medical-surgical nursing : critical thinking in client care /^c LeMone, Priscilla
250    3rd ed.
260    New Jersey :^bPeason Prentice,^c2004
300    1631 pp :^bill.
650  2 Nursing Care^xhandbook
650  2 Surgical Nursing^xhandbook
945    ^p1885^l0^i016273
995    ทศพร
999 ^a ใช้งานได้ทุกระบบ
รายการนี้ยังไม่มีแท็ก
คุณยังไม่ได้ล็อกอิน คุณสามารถมีกิจกรรมร่วมกับเว็บไซต์ได้ แต่ต้องล็อกอินก่อน ::
  ล็อกอิน

รายการสื่อสารสนเทศ

ลำดับที่ ประเภท เลขเรียก/บาร์โค้ด สถานที่ สถานะ
- ไม่พบข้อมูล -

รายการใกล้เคียง
    ผู้แต่ง [LeMone, Priscilla]

BibComment


ยังไม่เคยถูกคอมเมนท์

คอมเมนท์ทรัพยากรรายการนี้
  คอมเมนท์: Medicalsurgical n..


 Copyright 2026. Bcnsprnw @Library